Di sebalik topeng

Bibliographic Details
Main Author: Badrul Risham
Format: Book
Published: Selangor : Bright Publication Sdn. Bhd , 2009
Series:Koleksi novelku
Subjects:

MARC

LEADER 00000cam a2200000 7i4500
001 0000029654
005 20151222.0
008 100722
020 |a 9833124145 
090 0 0 |a JF   |b MAL 
100 0 |a Badrul Risham 
245 1 0 |a Di sebalik topeng   |c Badrul Risham 
260 |a Selangor :   |b Bright Publication Sdn. Bhd ,   |c 2009 
440 |a Koleksi novelku 
500 |a Children ages 10-12 years old (pink) 
650 0 |a Children's stories, Malay 
999 |a 0001064889   |b Book   |c Children Collection   |e Cawangan Bandar Penawar 
999 |a 0001065653   |b Book   |c Children Collection   |e Cawangan Segamat 
999 |a 0001065910   |b Book   |c Children Collection   |e Cawangan Bukit Gambir 
999 |a 0001066129   |b Book   |c Children Collection   |e Cawangan Bandar Tenggara 
999 |a 0001066763   |b Book   |c Children Collection   |e Cawangan Bandar Penawar 
999 |a 0001066868   |b Book   |c Children Collection   |e Cawangan Segamat 
999 |a 0001142542   |b Book   |c Children Collection   |e Perbadanan Perpustakaan Awam Johor 
999 |a 0001142543   |b Book   |c Children Collection   |e Perbadanan Perpustakaan Awam Johor 
999 |a 0001142544   |b Book   |c Children Collection   |e Cawangan Bukit Gambir